000 00802nam a2200217 a 4500
001 3091027
008 161005s1999 ||||||||||||||||| || u
010 _a98052917
020 _a0340748419
050 _aPS 3552.E467C58
100 _aBelfer, Lauren
245 1 0 _aCity of light: a novel
_cLauren Belfer
260 _aLondon
_bHodder and Stoughton
_c1999
300 _a520 p.
350 _a14.00
650 _aENGLISH LANGUAGE
856 _uhttp://www.loc.gov/catdir/bios/random058/98052917.html
856 _uhttp://www.loc.gov/catdir/description/random0411/98052917.html
856 _uhttp://www.loc.gov/catdir/samples/random044/98052917.html
995 _FCBU-MAIN LIBRARY (Kitwe)
_I14.00
_M1
_UAVAILABLE
_WOct 5, 2016
_ZFiction Collection
999 _c37476
_d37476